00405cam a22001337a 4500008004000000020001500040082001800055245006500073260003000138300001000168650002800178650003800206700002700244180718b1990 xxu||||| |||| 00| 0 eng d a984051220x aT19x5471 N751 aBangladesh faces the futurecedited by Ole David Koht Norbye aDhakaybUniv. Pressc1990 a304p. aPopulation - Bangladesh aAgrarian Development - Bangladesh aNorbye, Ole David Koht